Criminalística general : para fiscales y defensores /

Gorde:
Xehetasun bibliografikoak
Egile nagusia: Artigas Villarroel, Ernesto (autor)
Formatua: Liburua
Hizkuntza:gaztelania
Gaiak:
Etiketak: Etiketa erantsi
Etiketarik gabe, Izan zaitez lehena erregistro honi etiketa jartzen!

MARC

LEADER 00000nam^a2200000^a^4500
001 000185051
005 20250521000000.0
009 20260310102137.342
020 |a 956-7359-46-6 
037 |a Acervo ITESO - Biblioteca 
041 |a ESP 
082 |a 364.  |b ART 
100 |a Artigas Villarroel, Ernesto  |e (autor) 
245 1 0 |a Criminalística general :  |b para fiscales y defensores /  |c E. Artigas Villarroel. 
264 |a Santiago, Chile :  |b Universidad Tecnológica Metropolitana,  |c fecha no identificada 
300 |a 331 p. 
336 |a texto  |b txt  |2 rdacontenido 
337 |a sin mediación  |b n  |2 rdamedio 
338 |a volumen  |b nc  |2 rdasoporte 
649 |a XX 
650 |a Delincuentes -  |x Identificación 
650 |a Delitos 
650 |a Prueba Indiciaria 
650 |a Prueba Documental 
650 |a Prueba Pericial 
650 |a Prueba (Derecho) 
650 |a Identificación (Investigación del Delito) 
650 |a Investigación del Delito 
650 |a Medicina Legal 
650 |a Criminalística 
650 |a Ciencias Forenses 
910 |a Fondo General 
920 |a Impresos - Libros 
930 |a Colección General 
905 |a 101 
901 |a 0500126065  |b IT1  |c ACC  |u 20250521 
902 |a https://opac.biblio.iteso.mx/vufind/Record/000185051